[Event "Frankfurt-ch"]
[Site "Frankfurt"]
[Date "2010.05.03"]
[Round "2"]
[White "Tews, Artur"]
[Black "Richter, Tobias"]
[Result "1/2-1/2"]
[WhiteElo "1765"]
[BlackElo "2099"]
[PlyCount "104"]
[EventDate "2010.04.26"]
[EventType "swiss"]
[EventRounds "7"]
[EventCountry "GER"]
[SourceTitle "EXT 2011"]
[Source "ChessBase"]
[SourceDate "2010.11.26"]
[SourceVersion "1"]
[SourceVersionDate "2010.11.26"]
[SourceQuality "1"]

1. c4 e6 2. Nc3 Bb4 3. e4 c5 4. g3 Nc6 5. Bg2 Nf6 6. Nge2 0-0 7. 0-0 d6 8. a3 Ba5 9. d3 a6 10. Rb1 Rb8 11. f4 b5 12. e5 Nxe5 13. fxe5 dxe5 14. cxb5 axb5 15. Bg5 Bxc3 16. bxc3 h6 17. Bxf6 gxf6 18. Qd2 Kh7 19. Qe3 Ba6 20. Rbd1 Rc8 21. Qe4+ Kg7 22. Rf2 Rg8 23. Rdf1 Rc7 24. Rxf6 Qxf6 25. Rxf6 Kxf6 26. d4 cxd4 27. cxd4 Rg5 28. dxe5+ Kg7 29. h4 Rc4 30. Qe3 Rg6 31. Nf4 Rg4 32. Bh3 Rcxf4 33. Bxg4 Rxg4 34. Qf3 Ra4 35. Kf2 Kg8 36. g4 b4 37. axb4 Rxb4 38. Qa8+ Kg7 39. Qxa6 Rxg4 40. h5 Rf4+ 41. Kg3 Rf5 42. Qe2 Kh7 43. Qe4 Kg7 44. Kh4 Kh7 45. Qd4 Kg7 46. Qg4+ Kh7 47. Qd4 Kg7 48. Qd6 Rf4+ 49. Kg3 Rf5 50. Kg4 Kg8 51. Qd2 Kg7 52. Qe3 Kh7 1/2-1/2

[Event "Frankfurt-ch"]
[Site "Frankfurt"]
[Date "2009.05.18"]
[Round "4"]
[White "Ochmann, Reimund"]
[Black "Tews, Artur"]
[Result "0-1"]
[WhiteElo "2119"]
[BlackElo "1729"]
[PlyCount "150"]
[EventDate "2009.04.27"]
[EventType "tourn"]
[EventRounds "7"]
[EventCountry "GER"]
[SourceTitle "EXT 2010"]
[Source "ChessBase"]
[SourceDate "2010.11.25"]
[SourceVersion "1"]
[SourceVersionDate "2010.11.25"]
[SourceQuality "1"]

1. d4 e6 2. c4 Nf6 3. Nf3 Be7 4. Nc3 0-0 5. e4 d5 6. e5 Ne8 7. Bd3 f5 8. cxd5 exd5 9. 0-0 Be6 10. Qb3 b6 11. Ne2 c6 12. Be3 g5 13. Rac1 f4 14. Bd2 Ng7 15. Ne1 Qe8 16. a4 c5 17. dxc5 bxc5 18. Bb1 Nd7 19. Qd3 Qh5 20. Nc3 Nxe5 21. Qe2 Qxe2 22. Nxe2 Nc4 23. Bc3 d4 24. b3 Na3 25. Ba1 Nxb1 26. Rxb1 Bf5 27. Rd1 Rab8 28. Nc1 Rfc8 29. Ned3 Bf6 30. Nb2 Bc2 31. Rd2 Bxb3 32. Nxb3 Rxb3 33. Nc4 Rb4 34. Nd6 Rc6 35. Ne4 Rxa4 36. f3 Nf5 37. Rc1 Kf7 38. Bb2 Be7 39. g4 fxg3 40. hxg3 c4 41. Bxd4 Nxd4 42. Rxd4 Bc5 43. Nxc5 Rxc5 44. Kf2 Ra2+ 45. Ke3 Re5+ 46. Re4 Ra3+ 47. Kd4 Rxe4+ 48. Kxe4 c3 49. Rc2 a5 50. Kd4 h5 51. Kd3 a4 52. Kc4 Rb3 53. Rf2 c2 54. Rxc2 Rxf3 55. Rg2 Kf6 56. Kb4 a3 57. Rh2 Kg6 58. g4 hxg4 59. Rg2 Kf5 60. Rc2 g3 61. Rd2 Kg4 62. Rg2 Rf2 63. Rg1 a2 64. Kb3 Kf3 65. Rc1 Kg2 66. Ra1 Kh2 67. Rd1 g2 68. Rd6 g1Q 69. Rh6+ Kg2 70. Kc4 Rf4+ 71. Kd5 Qd4+ 72. Ke6 Qe3+ 73. Kd7 Rd4+ 74. Kc7 Qc3+ 75. Kb6 Rb4+ 0-1

[Event "Frankfurt-ch"]
[Site "Frankfurt"]
[Date "2009.05.11"]
[Round "3"]
[White "Tews, Artur"]
[Black "Faqiry, Ramat"]
[Result "1-0"]
[WhiteElo "1729"]
[BlackElo "1974"]
[PlyCount "89"]
[EventDate "2009.04.27"]
[EventType "tourn"]
[EventRounds "7"]
[EventCountry "GER"]
[SourceTitle "EXT 2010"]
[Source "ChessBase"]
[SourceDate "2010.11.25"]
[SourceVersion "1"]
[SourceVersionDate "2010.11.25"]
[SourceQuality "1"]

1. c4 Nf6 2. Nc3 e6 3. e4 d5 4. e5 d4 5. exf6 dxc3 6. bxc3 Qxf6 7. d4 c5 8. Nf3 h6 9. Qb3 Bd6 10. Be2 0-0 11. 0-0 b6 12. Be3 Nd7 13. Rad1 e5 14. Qb5 e4 15. Nd2 Qe7 16. Qc6 Rb8 17. Qxe4 Qf6 18. Qc2 Re8 19. Bf3 Bb7 20. Bxb7 Rxb7 21. Nf3 Nf8 22. Qb3 Rbe7 23. dxc5 bxc5 24. Rd3 Rb8 25. Qa3 Qg6 26. Rxd6 Qc2 27. Rd2 Qe4 28. Bxc5 Reb7 29. Rdd1 Ne6 30. Bd4 Rb1 31. h3 R1b2 32. Rfe1 Qg6 33. Qd6 Rd8 34. Qe5 Rxa2 35. Nh4 Qc2 36. Rf1 Ra6 37. Qf5 Qe2 38. Qb5 Rad6 39. Rde1 Qd3 40. Re3 Qh7 41. Nf5 R6d7 42. Rg3 f6 43. Bxf6 Rf7 44. Bxd8 Rxf5 45. Qe8+ 1-0

[Event "Frankfurt-ch"]
[Site "Frankfurt"]
[Date "2007.06.11"]
[Round "6"]
[White "Rasche, Hannes"]
[Black "Tews, Artur"]
[Result "1-0"]
[WhiteElo "2009"]
[BlackElo "1742"]
[PlyCount "85"]
[EventDate "2007.04.30"]
[EventType "swiss"]
[EventRounds "7"]
[EventCountry "GER"]
[SourceTitle "EXT 2008"]
[Source "ChessBase"]
[SourceDate "2007.11.25"]
[SourceVersion "1"]
[SourceVersionDate "2007.11.25"]
[SourceQuality "1"]

1. d4 e6 2. c4 Nf6 3. g3 c5 4. d5 Qb6 5. Bg2 Qb4+ 6. Nd2 exd5 7. cxd5 Bd6 8. e3 0-0 9. Ne2 Na6 10. a3 Qa5 11. 0-0 b5 12. Nc3 Rb8 13. Nde4 Be5 14. Nxf6+ Bxf6 15. Ne4 Qd8 16. Rb1 d6 17. Nxf6+ Qxf6 18. b3 Qg6 19. e4 Nc7 20. Bb2 Ne8 21. f4 Bg4 22. Qe1 Qh5 23. Rf2 b4 24. a4 a5 25. Qf1 Bc8 26. e5 Rb6 27. Rc1 Ba6 28. Qe1 Qf5 29. Be4 Qd7 30. Rfc2 f5 31. Bg2 Bd3 32. Rd2 Ba6 33. Qe3 dxe5 34. fxe5 Rg6 35. Rf2 c4 36. e6 Qc7 37. Be5 Nd6 38. Qf4 Rg4 39. Bxd6 Qc8 40. Qxg4 fxg4 41. Rxf8+ Qxf8 42. Bxf8 Kxf8 43. bxc4 1-0